Informačné fondy vo vede, technike a ekonomike /

Uložené v:
Podrobná bibliografia
Hlavný autor: Cigánik, Marek (Author)
Médium: Kniha
Jazyk:Slovak
Vydané: Martin : Matica slovenská, 1969.
Vydanie:2. doplň. a preprac. vyd.
Fyzický popis: 523 s. : obr. , tab. ; 20 cm.
Tagy: Pridať tag
Žiadne tagy, Buďte prvý kto otaguje tento záznam!

MARC

LEADER 00000cam a22000007a 4500
001 000117543
005 20090830231122.0
008 001218s1969 xo r slo d
040 |a SVKKK  |b slo  |c SVKKK  |e AACR2 
041 0 |a slo 
044 |a xo  |c SK 
100 1 |a Cigánik, Marek  |4 aut 
245 1 0 |a Informačné fondy vo vede, technike a ekonomike /  |c Marek Cigánik. 
250 |a 2. doplň. a preprac. vyd. 
260 |a Martin :  |b Matica slovenská,  |c 1969. 
300 |a 523 s. :  |b obr. , tab. ;  |c 20 cm. 
500 |a Menný a predmetový register 
504 |a Obsahuje bibliografiu 
910 |a svkkk 
998 |a BK 
090 |g SCKHL  |k Sklad Pribinova 2. posch.  |a II.173991  |i 117543-10  |s Absenčne 
090 |g SCKHL  |k Sklad Pribinova 2. posch.  |a II.174813  |i 117543-20  |s Absenčne 
090 |g SCKHL  |k Sklad Pribinova 2. posch.  |a II.174814  |i 117544-10  |s Absenčne 
090 |g SCKHL  |k Sklad Pribinova 2. posch.  |a II.174815  |i 117543-30  |s Absenčne 
090 |g SCKHL  |k Sklad Pribinova 2. posch.  |a II0.12679  |i 117545-10  |s Absenčne 
090 |g SCKHL  |k Sklad Pribinova 2. posch.  |a III.159206  |j 848682  |i 2720458596  |s Absenčne